Cognitive effects of programming in logo : a review of literature and synthesis of strategies for research (Record no. 64218)

MARC details
000 -CABECERA
campo de control de longitud fija 00716nam a2200229 a 4500
005 - FECHA Y HORA DE LA ÚLTIMA TRANSACCIÓN
campo de control 20210219152934.0
008 - ELEMENTOS DE LONGITUD FIJA--INFORMACIÓN GENERAL
campo de control de longitud fija 991125n 000 0 u
035 ## - NÚMERO DE CONTROL DEL SISTEMA
Número de control de sistema UPN01000067842
100 ## - ASIENTO PRINCIPAL--NOMBRE PERSONAL
Nombre de persona Singh, Jagjit Kaur
222 #0 - TÍTULO CLAVE
Título clave JOURNAL OF RESEARCH ON COMPUTING IN EDUCATION
245 #0 - MENCIÓN DE TÍTULO
Título Cognitive effects of programming in logo : a review of literature and synthesis of strategies for research
300 ## - DESCRIPCIÓN FÍSICA
Extensión 88-104
362 ## - FECHAS DE PUBLICACIÓN Y/O DESIGNACIÓN SECUENCIAL
Fecha de publicación y/o designación secuencial 25, No. 1, 1992
505 ## - NOTA DE CONTENIDO CON FORMATO PREESTABLECIDO
Nota de contenido con formato Abril 1993
653 0# - TERMINO DE INDIZACION - NO CONTROLADO
Término no controlado DISEÑO ASISTIDO POR ORDENADOR
653 0# - TERMINO DE INDIZACION - NO CONTROLADO
Término no controlado PROCESOS COGNITIVOS
653 0# - TERMINO DE INDIZACION - NO CONTROLADO
Término no controlado PROGRAMACION
653 0# - TERMINO DE INDIZACION - NO CONTROLADO
Término no controlado PROGRAMACION DE LENGUAJES
653 0# - TERMINO DE INDIZACION - NO CONTROLADO
Término no controlado RESOLUCION DE PROBLEMAS
904 ## - ELEMENTOS DE DATOS D LOCAL, LDD (RLIN)
a AC
b 005653
905 ## - TIPO DE MATERIAL
Tipo de material Articulo

No items available.